Girl Group Members - Statistics

General Stats
  • This quiz has been taken 78 times
  • The average score is 28 of 81
Answer Stats
Hint Answer % Correct
Spice Girls Victoria Beckham / Posh
90%
Spice Girls Melanie Brown / Scary
88%
Spice Girls Melanie Chisholm / Sporty
88%
Destiny's Child Beyoncé Knowles
86%
Spice Girls Geri Halliwell / Ginger
86%
Spice Girls Emma Bunton / Baby
84%
Girls Aloud Cheryl
67%
The Supremes Diana Ross
67%
Destiny's Child Michelle Williams
65%
Destiny's Child Kelly Rowland
63%
All Saints Nicole Appleton
63%
The Pussycat Dolls Nicole Scherzinger
63%
Little Mix Perrie Edwards
61%
TLC Lisa "Left Eye" Lopes
59%
Little Mix Jade Thirlwall
57%
Fifth Harmony Camila Cabello
53%
Bananarama Sara Dallin
53%
Girls Aloud Sarah Harding
53%
Little Mix Jesy Nelson
51%
Little Mix Leigh-Anne Pinnock
51%
The Saturdays Frankie Bridge
49%
Girls Aloud Nicola Roberts
49%
The Saturdays Rochelle Humes
49%
Girls Aloud Nadine Coyle
47%
Atomic Kitten Kerry Katona
45%
Girls Aloud Kimberley Walsh
45%
The Saturdays Mollie King
45%
Blackpink Jennie
43%
Fifth Harmony Lauren Jauregui
41%
Atomic Kitten Liz McClarnon
41%
The Saturdays Vanessa White
41%
The Pussycat Dolls Ashley Roberts
39%
The Pussycat Dolls Kimberly Wyatt
39%
Blackpink Lisa
39%
Eternal Louise Redknapp
39%
All Saints Melanie Blatt
39%
Fifth Harmony Normani Kordei
37%
The Saturdays Una Healy
37%
Fifth Harmony Dinah Jane
35%
Blackpink Rosé
35%
Atomic Kitten Jenny Frost
33%
The Supremes Mary Wilson
33%
All Saints Natalie Appleton
33%
Atomic Kitten Natasha Hamilton
33%
Fifth Harmony Ally Brooke
31%
TLC Rozonda "Chilli" Thomas
29%
TLC Tionne "T-Boz" Watkins
29%
Atomic Kitten Heidi Range
27%
The Pussycat Dolls Jessica Sutta
24%
The Pussycat Dolls Melody Thornton
24%
All Saints Shaznay Lewis
24%
The Pussycat Dolls Carmit Bachar
20%
Destiny's Child Farrah Franklin
20%
Blackpink Jisoo
18%
Bananarama Keren Woodward
18%
Bananarama Siobhan Fahey
18%
The Supremes Florence Ballard
14%
Eternal Kéllé Bryan
14%
Destiny's Child LaTavia Roberson
14%
Destiny's Child LeToya Luckett
14%
The Chordettes Carol Buschmann
12%
The Chordettes Nancy Overton
12%
TLC Crystal Jones
10%
Eternal Vernie Bennett
10%
Eternal Easther Bennett
8%
Bananarama Jacquie O'Sullivan
8%
The Supremes Barbara Martin
6%
The Supremes Betty McGlown
6%
All Saints Simone Rainford
6%
The Chordettes Joyce Weston
6%
The Chordettes Lynn Evans
6%
The Supremes Susaye Greene
6%
The Chordettes Alice Mae Spielvogel
4%
The Chordettes Janet Ertel
4%
The Supremes Jean Terrell
4%
The Supremes Scherrie Payne
4%
The Supremes Cindy Birdsong
2%
The Chordettes Dorothy Schwartz
2%
The Chordettes Jinny Lockard
2%
The Supremes Lynda Laurence
2%
The Chordettes Margie Latzko
0%
No matching quizzes found
Score Distribution
Percent of People with Each Score
Percentile by Number Answered
Your Score History
You have not taken this quiz